<Das> föderative System der Bundesrepublik Deutschland
Salvato in:
| Autore principale: | |
|---|---|
| Natura: | Libro |
| Lingua: | tedesco |
| Pubblicazione: |
Bonn
Bundeszentrale für Politische Bildung
1991
|
| Edizione: | 1. Aufl. |
| Soggetti: | |
| Tags: |
Nessun Tag, puoi essere il primo ad aggiungerne!!
|
MARC
| LEADER | 00000nam a2200000 4500 | ||
|---|---|---|---|
| 001 | c002395 | ||
| 005 | 20221214102051.1 | ||
| 020 | |a 3-89331-101-7 | ||
| 041 | 0 | |a ger | |
| 044 | |a DE | ||
| 245 | 1 | 0 | |a <Das> föderative System der Bundesrepublik Deutschland |c Heinz Laufer |
| 250 | |a 1. Aufl. | ||
| 264 | 1 | |a Bonn |b Bundeszentrale für Politische Bildung |c 1991 | |
| 300 | |a 355 s. | ||
| 610 | 2 | 0 | |a Nemecko |
| 610 | 2 | 0 | |a federácia |
| 610 | 2 | 0 | |a správa štátna |
| 610 | 2 | 0 | |a štruktúra organizačná |
| 100 | 1 | |a Laufer, Heinz | |